000 00832nam a2200253Ia 4500
003 OSt
005 20221005113233.0
006 a|||||r|||| 00| 0
007 ta
008 221004b |||||||| |||| 00| 0 pan d
020 _a9789380906362 (hbk)
_c250
024 _a17218
037 _b903, 11/03/2015, H.K. Prakashan
_cTextual
040 _aCRL
_cCRL
_bpan
041 _2pan
_apan
082 _aO153,2NSAx, Q1
100 _aਸਰਬਜੀਤ
245 0 _aਚੱਕ ਲੋ ਚੱਕ ਲੇ ਧਰ ਦੋ ਧਰ ਦੋ
260 _aਪਟਿਆਲਾ
_bਗ੍ਰੇFਿਅਸ ਭਾਰਤ
_c2011
300 _a140ਪੰ
_ccm.
650 _aਪੰਜਾਬੀ ਸਾਹਿਤ
942 _hO153,2NSAx, Q1
_cTEXL
_2cc
999 _c1027499
_d1027499